000
00285nam a22001337a 4500
008
171002b xxu||||| |||| 00| 0 eng d
020
_a
9780495031635
041
_a
eng
080
_2
4TH
_a
159.9
100
_a
48
101
_a
PSI
245
_a
PSYCHOLOGY
_c
MILLER,M
942
_2
udc
_c
BK
999
_c
31186
_d
31186